How to be a successful failure. (Record no. 2305)

000 -LEADER
fixed length control field 00550nam a2200181 a 4500
001 - CONTROL NUMBER
control field :::00000029$&:&@@
003 - CONTROL NUMBER IDENTIFIER
control field OkBaRHE
005 - DATE AND TIME OF LATEST TRANSACTION
control field 20100331141754.0
008 - FIXED-LENGTH DATA ELEMENTS--GENERAL INFORMATION
fixed length control field s1978 j 000 0 eng u
040 ## - CATALOGING SOURCE
Transcribing agency
100 1# - MAIN ENTRY--PERSONAL NAME
Personal name Fitzgerald, Ernest A.
245 10 - TITLE STATEMENT
Title How to be a successful failure.
260 ## - PUBLICATION, DISTRIBUTION, ETC. (IMPRINT)
Place of publication, distribution, etc New York, NY., :
Name of publisher, distributor, etc Atheneum/SMI
Date of publication, distribution, etc 1978
300 ## - PHYSICAL DESCRIPTION
Extent xi, 128 p. ;
Dimensions 21 cm.
650 ## - SUBJECT ADDED ENTRY--TOPICAL TERM
Topical term or geographic name as entry element Failure (Psychology).
942 ## - ADDED ENTRY ELEMENTS (KOHA)
Source of classification or shelving scheme
Koha item type Books
Copies
Koha item type Damaged status Date acquired Barcode Not for loan Date last seen Withdrawn status Lost status Permanent Location Full call number Source of classification or shelving scheme Price effective from Copy number Shelving location
Books 2010-04-1429 2010-04-14  RHEMA Bible Training CollegeBF 575 .F14 F57 2010-04-141General Stacks